| 000 | 00410cam a22001217a 4500 | ||
|---|---|---|---|
| 008 | 180718b1988 xxu||||| |||| 00| 0 eng d | ||
| 082 | _aO91x54 G699 | ||
| 100 | _aGoswami, Delep | ||
| 245 |
_aHandbook on pollution control by industries and government bodies - with Supreme Court decisions _cby Delep Goswami |
||
| 260 |
_aDelhi _bEmconomic Business Review _c1988 |
||
| 300 | _a372p. | ||
| 650 | _aPollution - India | ||
| 999 |
_c345872 _d345872 |
||